000 00475nam a2200205Ia 4500
003 OSt
005 20220924133809.0
006 a|||||r|||| 00| 0
007 ta
008 220923b |||||||| |||| 00| 0 snd d
024 _a268961
037 _cTextual
040 _aARTS
_cARTS
_bsnd
041 _2snd
_asnd
082 _aO1593,3x, J5
245 0 _aSindhadi thi sadi
260 _c1955
942 _hO1593,3x, J5
_cTEXL
_2CC
999 _c435256
_d435256